|
|
|
|
| LEADER |
01405nam a2200373 4500 |
| 001 |
000006480 |
| 003 |
2636 |
| 005 |
20110912150902.0 |
| 008 |
110912s2001 viesd |
| 020 |
|
|
|c 000đ
|
| 041 |
0 |
|
|a vie
|
| 082 |
|
|
|a 370.151
|b BÔ-G
|
| 110 |
|
|
|a Bộ Giáo dục và Đào tạo
|
| 245 |
|
0 |
|a Giáo dục sức khỏe sinh sản vị thành niên
|b Tài liệu tự học dành cho giáo viên
|c Bộ Giáo dục và Đào tạo ; Nguyễn Hữu Châu (ch.bieen0 ; b. soạn Đặng Quốc Bảo...
|
| 260 |
|
|
|a H.
|b Hà Nội
|c 2001
|
| 300 |
|
|
|a 259 tr
|b minh họa, bảng
|c 30 cm
|
| 490 |
|
|
|a Quỹ dân số Liên Hiệp Quốc
|
| 653 |
|
|
|a Giáo dục
|
| 653 |
|
|
|a Sức khỏe sinh sản
|
| 653 |
|
|
|a vị thành niên
|
| 653 |
|
|
|a Tình dục và sinh sản
|
| 700 |
|
|
|a Nguyễn Hữu Châu
|e Ch.biên
|
| 700 |
|
|
|a Đặng Quốc Bảo...
|e b.soạn
|
| 910 |
|
|
|a Nguyễn Thị Kim Oanh
|d 12/09/2011
|
| OWN |
|
|
|a LSP
|
| AVA |
|
|
|a UDN50
|b LSP
|d 370.151 BÔ-G
|e available
|t Error 5001 Not defined in file expand_doc_bib_avail.
|f 1
|g 0
|h N
|i 0
|k 1
|
| 999 |
|
|
|a From the UDN01
|
| AVA |
|
|
|a UDN50
|b LSP
|d 370.151 BÔ-G
|e available
|t Error 5001 Not defined in file expand_doc_bib_avail.
|f 1
|g 0
|h N
|i 0
|k 1
|
| TYP |
|
|
|a Monograph
|
| TYP |
|
|
|a Printed language
|
| 980 |
|
|
|a Mạng thư viện Đại học Đà Nẵng
|